<?xml version="1.0" encoding="UTF-8"?>
<collection xmlns="http://www.loc.gov/MARC21/slim">
 <record>
  <leader>01475nam a2200289 a 4500</leader>
  <controlfield tag="001">1197613</controlfield>
  <controlfield tag="008">111129s1998    paua     b    001 0 eng d</controlfield>
  <datafield tag="010" ind1=" " ind2=" ">
   <subfield code="a">   98016025 </subfield>
  </datafield>
  <datafield tag="020" ind1=" " ind2=" ">
   <subfield code="a">1566396328 (cloth : alk. paper)</subfield>
  </datafield>
  <datafield tag="020" ind1=" " ind2=" ">
   <subfield code="a">1566396336 (pbk. : alk. paper)</subfield>
  </datafield>
  <datafield tag="040" ind1=" " ind2=" ">
   <subfield code="a">DLC</subfield>
   <subfield code="c">DLC</subfield>
   <subfield code="d">DLC</subfield>
   <subfield code="d">BD-DhAAL</subfield>
  </datafield>
  <datafield tag="082" ind1="0" ind2="0">
   <subfield code="a">362.1/082</subfield>
   <subfield code="2">21</subfield>
  </datafield>
  <datafield tag="245" ind1="0" ind2="4">
   <subfield code="a">The politics of women's health :</subfield>
   <subfield code="b">exploring agency and autonomy /</subfield>
   <subfield code="c">Susan Sherwin ... [et al.].</subfield>
  </datafield>
  <datafield tag="260" ind1=" " ind2=" ">
   <subfield code="a">Philadelphia :</subfield>
   <subfield code="b">Temple University Press,</subfield>
   <subfield code="c">1998.</subfield>
  </datafield>
  <datafield tag="300" ind1=" " ind2=" ">
   <subfield code="a">viii, 321 p. :</subfield>
   <subfield code="b">ill. ;</subfield>
   <subfield code="c">24 cm.</subfield>
  </datafield>
  <datafield tag="504" ind1=" " ind2=" ">
   <subfield code="a">Includes bibliographical references (p. 261-303) and index.</subfield>
  </datafield>
  <datafield tag="541" ind1="1" ind2=" ">
   <subfield code="e">00023885</subfield>
  </datafield>
  <datafield tag="650" ind1=" " ind2="0">
   <subfield code="a">Women's health services</subfield>
   <subfield code="x">Political aspects.</subfield>
  </datafield>
  <datafield tag="650" ind1=" " ind2="0">
   <subfield code="a">Women's health services</subfield>
   <subfield code="x">Social aspects.</subfield>
  </datafield>
  <datafield tag="650" ind1=" " ind2="0">
   <subfield code="a">Women</subfield>
   <subfield code="x">Health and hygiene</subfield>
   <subfield code="x">Sociological aspects.</subfield>
  </datafield>
  <datafield tag="710" ind1="2" ind2=" ">
   <subfield code="a">Feminist Health Care Ethics Research Network.</subfield>
  </datafield>
  <datafield tag="700" ind1="1" ind2=" ">
   <subfield code="a">Sherwin, Susan,</subfield>
   <subfield code="d">1947-</subfield>
  </datafield>
  <datafield tag="852" ind1="1" ind2=" ">
   <subfield code="a">Ayesha Abed Library</subfield>
   <subfield code="j">General shelf</subfield>
  </datafield>
  <datafield tag="999" ind1=" " ind2=" ">
   <subfield code="c">11523</subfield>
   <subfield code="d">11523</subfield>
  </datafield>
  <datafield tag="952" ind1=" " ind2=" ">
   <subfield code="0">0</subfield>
   <subfield code="1">0</subfield>
   <subfield code="2">ddc</subfield>
   <subfield code="4">0</subfield>
   <subfield code="6">362_108200000000000_POL</subfield>
   <subfield code="7">0</subfield>
   <subfield code="9">18735</subfield>
   <subfield code="a">JPGSPH</subfield>
   <subfield code="b">JPGSPH</subfield>
   <subfield code="c">GEN</subfield>
   <subfield code="d">2011-11-29</subfield>
   <subfield code="e">School of Public Helath</subfield>
   <subfield code="l">0</subfield>
   <subfield code="o">362.1082 POL</subfield>
   <subfield code="p">3060023885</subfield>
   <subfield code="r">2011-11-30</subfield>
   <subfield code="t">1</subfield>
   <subfield code="w">2011-11-30</subfield>
   <subfield code="y">BK</subfield>
  </datafield>
  <datafield tag="952" ind1=" " ind2=" ">
   <subfield code="0">0</subfield>
   <subfield code="1">0</subfield>
   <subfield code="2">ddc</subfield>
   <subfield code="4">0</subfield>
   <subfield code="6">362_108200000000000_POL</subfield>
   <subfield code="7">0</subfield>
   <subfield code="9">19130</subfield>
   <subfield code="a">JPGSPH</subfield>
   <subfield code="b">JPGSPH</subfield>
   <subfield code="c">GEN</subfield>
   <subfield code="d">2012-01-11</subfield>
   <subfield code="l">0</subfield>
   <subfield code="o">362.1082 POL</subfield>
   <subfield code="p">3060024241</subfield>
   <subfield code="r">2012-01-15</subfield>
   <subfield code="t">2</subfield>
   <subfield code="w">2012-01-15</subfield>
   <subfield code="y">BK</subfield>
  </datafield>
  <datafield tag="952" ind1=" " ind2=" ">
   <subfield code="0">0</subfield>
   <subfield code="1">0</subfield>
   <subfield code="2">ddc</subfield>
   <subfield code="4">0</subfield>
   <subfield code="6">362_108200000000000_POL</subfield>
   <subfield code="7">0</subfield>
   <subfield code="9">19207</subfield>
   <subfield code="a">JPGSPH</subfield>
   <subfield code="b">JPGSPH</subfield>
   <subfield code="c">GEN</subfield>
   <subfield code="d">2012-01-18</subfield>
   <subfield code="l">0</subfield>
   <subfield code="o">362.1082 POL</subfield>
   <subfield code="p">3060024329</subfield>
   <subfield code="r">2012-01-19</subfield>
   <subfield code="t">3</subfield>
   <subfield code="w">2012-01-19</subfield>
   <subfield code="y">BK</subfield>
  </datafield>
 </record>
</collection>
